Čuvašskie étimologii

Elmentve itt :
Bibliográfiai részletek
Szerző: Levitskaâ Liâ Sergeevna
Dokumentumtípus: Cikk
Megjelent: AN SSSR ; AN Azerbajdžanskoj SSR Baku 1974
Sorozat:Sovetskaâ Tûrkologiâ
Kulcsszavak:Csuvas nyelv - etimológia
Tárgyszavak:
Online Access:http://misc.bibl.u-szeged.hu/63582
LEADER 00810nab a2200241 i 4500
001 misc63582
005 20230206124013.0
008 220525s1974 hu o 0|| rus d
040 |a SZTE Miscellanea Repozitórium  |b hun 
041 |a rus 
041 |a chv 
100 1 |a Levitskaâ Liâ Sergeevna 
245 1 0 |a Čuvašskie étimologii  |h [elektronikus dokumentum] /  |c  Levitskaâ Liâ Sergeevna 
260 |a AN SSSR ; AN Azerbajdžanskoj SSR  |b Baku  |c 1974 
300 |a 80-84  |c 25 cm 
300 |a [5] p.  |c 25 cm 
490 0 |a Sovetskaâ Tûrkologiâ 
561 |a Németh Gyula hagyaték 
591 |a NOA 3149 
650 4 |a Bölcsészettudományok 
650 4 |a Nyelvek és irodalom 
695 |a Csuvas nyelv - etimológia 
856 4 0 |u http://misc.bibl.u-szeged.hu/63582/1/3149_noa_l62.pdf  |z Dokumentum-elérés